000 00769nas a2200277 4500
001 BR0807731
003 BR-BrBNA
005 20231205112722.0
007 ta
008 230509b bl.|||p| |||| 00| 00por d
040 _aBR-BrBNA
_bpor
_cBiblioteca Nacional de Agricultura
041 _a(En)
072 _aF60
100 1 _aBenavides, M.P.
100 1 _aGallego, S.M.
100 1 _aTomaro, M.L.
245 1 _aCadmium toxicity in plants
650 _aPLANTA
650 _aCADMIO
650 _aBIOLOGIA VEGETAL
650 _aMETAL PESADO
650 _aESTRESSE
773 0 _tBrazilian Journal of Plant Physiology (Brazil)
_xISSN 1677-0420
_g(Jan-Mar 2005), v. 17(1) p. 21-34
_wBR0807731
909 _a202311
_bLúcia
_c55
_dLúcia Elande
942 _2AGRIS
_n0
_cANA
999 _c199568
_d199568